<?xml version="1.0" encoding="UTF-8"?>
<record
    xmlns:xsi="http://www.w3.org/2001/XMLSchema-instance"
    xsi:schemaLocation="http://www.loc.gov/MARC21/slim http://www.loc.gov/standards/marcxml/schema/MARC21slim.xsd"
    xmlns="http://www.loc.gov/MARC21/slim">

  <leader>01581nam a22002297a 4500</leader>
  <controlfield tag="003">BDDh-ASL</controlfield>
  <controlfield tag="005">20231015031215.0</controlfield>
  <controlfield tag="008">201025s2009    ii ||||| |||| 00| 0 b   d</controlfield>
  <datafield tag="040" ind1=" " ind2=" ">
    <subfield code="a">BDDh-ASL</subfield>
    <subfield code="c">BDDh-ASL</subfield>
  </datafield>
  <datafield tag="041" ind1=" " ind2=" ">
    <subfield code="a">bengali </subfield>
  </datafield>
  <datafield tag="082" ind1=" " ind2=" ">
    <subfield code="a">928</subfield>
    <subfield code="b">TOM</subfield>
  </datafield>
  <datafield tag="245" ind1="0" ind2="0">
    <subfield code="a">&#x9A4;&#x9CB;&#x9AE;&#x9BE;&#x9B0; &#x9B8;&#x9C3;&#x9B7;&#x9CD;&#x99F;&#x9BF;&#x9B0; &#x9AA;&#x9A5;: </subfield>
    <subfield code="b">&#x986;&#x99A;&#x9BE;&#x9B0;&#x9CD;&#x9AF; &#x9B8;&#x9C1;&#x995;&#x9C1;&#x9AE;&#x9BE;&#x9B0; &#x9B8;&#x9C7;&#x9A8; &#x9B8;&#x9CD;&#x9AE;&#x9BE;&#x9B0;&#x995; &#x997;&#x9CD;&#x9B0;&#x9A8;&#x9CD;&#x9A5; /</subfield>
    <subfield code="c">&#x9AC;&#x9B0;&#x9C1;&#x9A3;&#x995;&#x9C1;&#x9AE;&#x9BE;&#x9B0; &#x99A;&#x995;&#x9CD;&#x9B0;&#x9AC;&#x9B0;&#x9CD;&#x9A4;&#x9C0; &#x993; &#x985;&#x9A8;&#x9CD;&#x9AF;&#x9BE;&#x9A8;&#x9CD;&#x9AF; (&#x9B8;&#x9AE;&#x9CD;&#x9AA;&#x9BE;.)&#x964; </subfield>
  </datafield>
  <datafield tag="246" ind1=" " ind2=" ">
    <subfield code="a">Tomar Sristir Path: Acharya Sukumar Sen Sarok Grontha, </subfield>
  </datafield>
  <datafield tag="260" ind1=" " ind2=" ">
    <subfield code="a">&#x995;&#x9B2;&#x995;&#x9BE;&#x9A4;&#x9BE;: </subfield>
    <subfield code="b">&#x985;&#x9AA;&#x9B0;&#x9CD;&#x9A3;&#x9BE; &#x9AC;&#x9C1;&#x995; &#x9A1;&#x9BF;&#x9B8;&#x9CD;&#x99F;&#x9CD;&#x9B0;&#x9BF;&#x9AC;&#x9BF;&#x989;&#x99F;&#x9BE;&#x9B0;&#x9CD;&#x9B8;, </subfield>
    <subfield code="c">&#x9E8;&#x9E6;&#x9E6;&#x9EF;&#x964; </subfield>
  </datafield>
  <datafield tag="300" ind1=" " ind2=" ">
    <subfield code="a">&#x9EF;&#x9EA;&#x9EA; &#x9AA;&#x9C3;&#x9B7;&#x9CD;&#x9A0;&#x9BE;: </subfield>
    <subfield code="c">&#x9E8;&#x9EB; &#x9B8;&#x9C7;.&#x9AE;&#x9BF;. </subfield>
  </datafield>
  <datafield tag="600" ind1="1" ind2="0">
    <subfield code="a">&#x9B8;&#x9C7;&#x9A8;, &#x9B8;&#x9C1;&#x995;&#x9C1;&#x9AE;&#x9BE;&#x9B0;</subfield>
    <subfield code="9">2128</subfield>
  </datafield>
  <datafield tag="650" ind1=" " ind2="0">
    <subfield code="a">Commemoration Volume (&#x9B8;&#x9CD;&#x9AE;&#x9BE;&#x9B0;&#x995;&#x997;&#x9CD;&#x9B0;&#x9A8;&#x9CD;&#x9A5;), Memoirs, &#x9B8;&#x9CD;&#x9AE;&#x9BE;&#x9B0;&#x995;&#x997;&#x9CD;&#x9B0;&#x9A8;&#x9CD;&#x9A5;, Sm&#x101;rakagrantha, Souvenir, &#x9B8;&#x9CD;&#x9AE;&#x9B0;&#x9A3;&#x9BF;&#x995;, &#x9B8;&#x9CD;&#x9AE;&#x9BE;&#x9B0;&#x995;&#x997;&#x9CD;&#x9B0;&#x9A8;&#x9CD;&#x9A5;, &#x9B8;&#x9CD;&#x9AE;&#x9C3;&#x9A4;&#x9BF;&#x995;&#x9A5;&#x9BE;, Smr&#x325;tikath&#x101;,  Memoirs, Reminiscences, &#x9B8;&#x9CD;&#x9AE;&#x9B0;&#x9A3;&#x9BF;&#x995;&#x9BE;, Smara&#x1E47;ik&#x101;, Souvenir, &#x9B8;&#x9CD;&#x9AF;&#x9C1;&#x9AD;&#x9C7;&#x9A8;&#x9BF;&#x9B0;, &#x985;&#x9AD;&#x9BF;&#x99C;&#x9CD;&#x99E;&#x9BE;&#x9A8;, Syubh&#x113;nira, so&#x35E;ov&#x259;&#x2C8;nir, memorial, souvenir, remembrancer</subfield>
    <subfield code="9">4668</subfield>
  </datafield>
  <datafield tag="700" ind1="1" ind2=" ">
    <subfield code="a">&#x99A;&#x995;&#x9CD;&#x9B0;&#x9AC;&#x9B0;&#x9CD;&#x9A4;&#x9C0;, &#x9AC;&#x9B0;&#x9C1;&#x9A3;&#x995;&#x9C1;&#x9AE;&#x9BE;&#x9B0; </subfield>
    <subfield code="9">7415</subfield>
  </datafield>
  <datafield tag="700" ind1="1" ind2=" ">
    <subfield code="a">&#x99A;&#x995;&#x9CD;&#x9B0;&#x9AC;&#x9B0;&#x9CD;&#x9A4;&#x9C0;, &#x9A4;&#x9BF;&#x9AE;&#x9BF;&#x9B0;&#x9AC;&#x9B0;&#x9A3;</subfield>
    <subfield code="c">&#x9B8;&#x9B9;&#x9AF;&#x9CB;&#x997;&#x9C0; &#x985;&#x9A7;&#x9CD;&#x9AF;&#x9BE;&#x9AA;&#x995;</subfield>
    <subfield code="9">7423</subfield>
  </datafield>
  <datafield tag="700" ind1="1" ind2=" ">
    <subfield code="a">&#x9A8;&#x9B8;&#x9CD;&#x995;&#x9B0;, &#x9B8;&#x9A8;&#x9CE;&#x995;&#x9C1;&#x9AE;&#x9BE;&#x9B0; </subfield>
    <subfield code="9">7424</subfield>
  </datafield>
  <datafield tag="942" ind1=" " ind2=" ">
    <subfield code="2">ddc</subfield>
    <subfield code="c">BK</subfield>
  </datafield>
  <datafield tag="952" ind1=" " ind2=" ">
    <subfield code="0">0</subfield>
    <subfield code="1">0</subfield>
    <subfield code="2">ddc</subfield>
    <subfield code="4">0</subfield>
    <subfield code="7">0</subfield>
    <subfield code="8">NFIC</subfield>
    <subfield code="a">ASL</subfield>
    <subfield code="b">ASL</subfield>
    <subfield code="c">WAC</subfield>
    <subfield code="d">2023-03-08</subfield>
    <subfield code="e">Donated by Prof. Wakil Ahmed</subfield>
    <subfield code="l">0</subfield>
    <subfield code="o">928 TOM</subfield>
    <subfield code="p">119466</subfield>
    <subfield code="r">2023-03-08 00:00:00</subfield>
    <subfield code="t">C-1</subfield>
    <subfield code="w">2023-03-08</subfield>
    <subfield code="y">BK</subfield>
  </datafield>
  <datafield tag="999" ind1=" " ind2=" ">
    <subfield code="c">30908</subfield>
    <subfield code="d">30908</subfield>
  </datafield>
</record>
